Contratos bancarios y financieros : cátedra de Derecho Comercial y Contratos /

Guardado en:
Otros Autores: Amitrano, Fernando., Sabat, Diego Martín., Martínez Cabanillas, Arturo., Molinari, María Celeste., Pérez Paz, José María.
Formato: Desconocido
Idioma:Spanish
Publicado: Córdoba : Asociación Cooperadora de la Facultad de Ciencias Económicas de la UNC, 2014.
Edición:1a. ed.
Materias:
Etiquetas: Agregar Etiqueta
Sin Etiquetas, Sea el primero en etiquetar este registro!
LEADER 00786nac a22002175a 4500
001 DER.der014319
008 191031i2014####ag#||||||||||||||#||spa||
005 20241104084206.0
245 1 0 |a Contratos bancarios y financieros :  |b cátedra de Derecho Comercial y Contratos /  |c Jorge Fernando Fushimi. 
250 |a 1a. ed. 
260 |a Córdoba :  |b Asociación Cooperadora de la Facultad de Ciencias Económicas de la UNC,  |c 2014. 
300 |a 172 p. 
020 |a 9789871436873 
100 1 |a Fushimi, Jorge Fernando.,  |e dir. 
700 1 |a Amitrano, Fernando. 
700 1 |a Sabat, Diego Martín. 
700 1 |a Martínez Cabanillas, Arturo. 
700 1 |a Molinari, María Celeste. 
700 1 |a Pérez Paz, José María. 
650 7 |a DERECHO BANCARIO 
859 |a DERECHO  |b BIB. DERECHO  |h 346.02  |i FUS  |p 009590